Guess the French cities from the pictures - Statistics

General Stats
  • This quiz has been taken 44 times
  • The average score is 12 of 16
Answer Stats
Picture Answer % Correct
Paris
100%
Marseille
98%
Lyon
95%
Nice
93%
Strasbourg
90%
Lille
88%
Bordeaux
80%
Nantes
78%
Montpellier
76%
Toulouse
76%
Rennes
71%
Dijon
51%
Orleans
51%
Amiens
39%
Ajaccio
34%
La Rochelle
32%
No matching quizzes found
Score Distribution
Percent of People with Each Score
Percentile by Number Answered
Your Score History
You have not taken this quiz